| Поле | Название | Значение |
| |
Тип записи |
i |
| |
Библиографический уровень |
m |
| 001 |
Контрольный номер |
RU/IS/BASE/469194064 |
| 005 |
Дата корректировки |
20201206204932.7 |
| 010 |
Индекс ISBN |
__ |
| a |
ISBN |
978-5-9677-1756-7 (в кор.) |
| d |
Цена |
204-75 |
| 100 |
Данные общей обработки |
__ |
| a |
Данные общей обработки |
19141113d2012||||||| 0rusy0189 ca |
| 101 |
Язык документа |
0_ |
| a |
Язык текста |
rus |
| 102 |
Страна публикации |
__ |
| a |
Страна публикации |
ru| |
| 105 |
Кодированные данные (монография) |
__ |
| a |
Кодированные данные (монография) |
nn|||||||z|zy |
| 127 |
Кодированные данные (звукозаписи-физические характеристики) |
__ |
| a |
Продолжительность проигрывания |
04 ч 56 мин |
| 200 |
Заглавие и сведения об ответственности |
1_ |
| a |
Заглавие |
Рассказы |
| e |
Сведения, относящиеся к заглавию |
[аудиокнига : 12+] |
| f |
Первые сведения об ответственности |
Джек Лондон ; [текст читает Вадим Максимов] |
| b |
Общее обозначение материала |
Звукозапись |
| 210 |
Выходные данные |
__ |
| a |
Место издания |
Москва |
| c |
Издательство |
1С-Паблишинг |
| c |
Издательство |
Агентство |
| d |
Дата издания |
2012 |
| 215 |
Физическое описание |
__ |
| a |
Объем |
1 электрон. опт. диск (Audio CD) |
| c |
Иллюстрации/тип воспроизводства |
mp3, stereo |
| d |
Формат |
12х14 см |
| 225 |
Серия |
__ |
| a |
Серия |
1С: Аудиокниги |
| 225 |
Серия |
__ |
| a |
Серия |
Приключения |
| 230 |
Специфическая характеристика материала: электронные ресурсы |
__ |
| a |
Обозначение и объем ресурса |
Электронные звуковые данные |
| 323 |
Примечание о главных создателях, исполнителях, участниках |
__ |
| a |
Примечание о главных создателях, исполнителях, участниках |
Максимов, В. (читает) |
| 327 |
Примечание о содержании |
__ |
| a |
Примечание о содержании |
Черепахи Тэсмана |
| 327 |
Примечание о содержании |
__ |
| a |
Примечание о содержании |
Гобо и фея |
| 327 |
Примечание о содержании |
__ |
| a |
Примечание о содержании |
Блудный отец |
| 327 |
Примечание о содержании |
__ |
| a |
Примечание о содержании |
Трагедия дальнего Северо-запада |
| 327 |
Примечание о содержании |
__ |
| a |
Примечание о содержании |
Конец сказки |
| 330 |
Аннотация |
__ |
| a |
Аннотация |
Слушателям предлагаются рассказы Джека Лондона из цикла "Черепахи Тэсмана" (1916) - последнего, вышедшего при его жизни. Книга написана рукою зрелого мастера, для произведений, составивших сборник, характерны острые, захватывающие сюжеты, парадоксальные, неожиданные развязки и в тоже время проникновенный лиризм - все те качества, что присущи лучшим рассказам, повестям и романам писателя, которыми зачитываются и заслушиваются миллионы любителей приключенческого жанра во всем мире. |
| 333 |
Примечание о целевом назначении |
__ |
| a |
Примечание о целевом назначении |
12+. Для детей старше 12 лет |
| 337 |
Примечание о системных требованиях (электронные ресурсы) |
__ |
| a |
Примечание о системных требованиях (электронные ресурсы) |
Системные требования: ПК: MS Windows ; Pentium 100 ; RAM 16Mb ; монитор SVGA, 800x600 ; CD/DVD-ROM ; звуковая карта ; колонки или наушники ; мышь или аудиосистемы с поддержкой формата МР3: муз. центр ; CD/DVD-плеер и т.д. |
| 517 |
Другие варианты заглавия |
__ |
| a |
Другие варианты заглавия |
Черепах Тэсмана |
| 517 |
Другие варианты заглавия |
__ |
| a |
Другие варианты заглавия |
Гобо и фея |
| 517 |
Другие варианты заглавия |
__ |
| a |
Другие варианты заглавия |
Блудный отец |
| 517 |
Другие варианты заглавия |
__ |
| a |
Другие варианты заглавия |
Трагедия дальнего Северо-запада |
| 517 |
Другие варианты заглавия |
__ |
| a |
Другие варианты заглавия |
Конец сказки |
| 606 |
Тематические рубрики |
__ |
| a |
Основная рубрика |
Художественная литература |
| 606 |
Тематические рубрики |
__ |
| a |
Основная рубрика |
Литература Америки (произведения) |
| y |
Географическая подрубрика |
США |
| 610 |
Ключевые слова |
__ |
| a |
Ключевые слова |
американская литература |
| a |
Ключевые слова |
зарубежная литература |
| a |
Ключевые слова |
иностранная литература |
| a |
Ключевые слова |
приключенческая литература |
| a |
Ключевые слова |
проза |
| a |
Ключевые слова |
рассказы |
| 686 |
Индексы других классификаций |
__ |
| 2 |
Код системы |
rubbks |
| a |
Классификационный индекс |
84(7Сое)53-4я04 |
| 700 |
Автор |
_1 |
| a |
Фамилия |
Лондон |
| b |
Имя |
Д. |
| g |
Полное личное имя |
Джек |
| 4 |
Код отношения |
070 |
| 801 |
Источник записи |
_0 |
| a |
Страна |
ru |
| b |
Организация |
Муниципальное бюджетное учреждение культуры "Централизованная библиотечная система" г. Сургут (Центральная городская библиотека им. А. С. Пушкина) |
| c |
Дата составления |
20141113 |
| g |
Правила каталогизации |
КиК/Лукашук |
| 801 |
Источник записи |
_1 |
| a |
Страна |
ru |
| b |
Организация |
Муниципальное бюджетное учреждение культуры "Централизованная библиотечная система" г. Сургут (Центральная городская библиотека им. А. С. Пушкина) |
| c |
Дата составления |
20141113 |
| g |
Правила каталогизации |
КиК/Лукашук |
| 852 |
Данные о местонахождении |
__ |
| j |
Шифр хранения |
84(7Сое)53-4я04 |
| i |
Авторский знак |
Л 76 |
| 901 |
Тип документа |
__ |
| t |
Тип документа |
0 |
| 903 |
Характеристики (МАРС) |
__ |
| a |
Дата передачи |
20141113 |
| 969 |
Тип издания |
__ |
| a |
Тип издания |
аудиокнига; издание для слепых; сборник |
| 990 |
Данные о заказе (DOS) |
__ |
| j |
Количество экземпляров (DOS) |
2 |
| t |
N записи в КСУ для И/У (DOS) |
201411 |